000 00472nam a22001697a 4500
999 _c41321
_d41321
003 OSt
005 20210428112329.0
008 210428b ||||| |||| 00| 0 eng d
022 _29788182716513
040 _coclc
082 _a297
_bMOU/M
100 _92077
_aMoududi, Abul A'ala
245 _aMarananthara Jeevitham/
_cAbul A'la Moudoodi
260 _aKozhikode:
_bIPH,
_c2018
300 _a16 pages
942 _2ddc
_cBK
_h297
_iMOU/M
_k297
_mMOU/M